<?xml version="1.0" encoding="UTF-8"?>
<marc:record xmlns:marc="http://www.loc.gov/MARC21/slim">
   <marc:leader>00000nam a2200000 a 4500</marc:leader>
   <marc:datafield ind1="1" ind2=" " tag="100">
      <marc:subfield code="a">Pörnbacher, Karl</marc:subfield>
      <marc:subfield code="4">ctb</marc:subfield>
      <marc:subfield code="e">Mitwirkende/-r</marc:subfield>
   </marc:datafield>
   <marc:datafield ind1="1" ind2=" " tag="100">
      <marc:subfield code="a">Höss, Maria Crescentia</marc:subfield>
      <marc:subfield code="4">ctb</marc:subfield>
      <marc:subfield code="e">Mitwirkende/-r</marc:subfield>
   </marc:datafield>
   <marc:datafield ind1=" " ind2=" " tag="653">
      <marc:subfield code="a">Höss</marc:subfield>
   </marc:datafield>
   <marc:datafield ind1=" " ind2=" " tag="653">
      <marc:subfield code="a">Maria Crescentia</marc:subfield>
   </marc:datafield>
   <marc:datafield ind1=" " ind2=" " tag="653">
      <marc:subfield code="a">Softcover / Religion/Theologie/Religiöse Schriften</marc:subfield>
   </marc:datafield>
   <marc:datafield ind1=" " ind2=" " tag="653">
      <marc:subfield code="a">Gebete</marc:subfield>
   </marc:datafield>
   <marc:datafield ind1=" " ind2=" " tag="653">
      <marc:subfield code="a">Gesangbücher</marc:subfield>
   </marc:datafield>
   <marc:datafield ind1=" " ind2=" " tag="653">
      <marc:subfield code="a">Meditationen</marc:subfield>
   </marc:datafield>
   <marc:datafield ind1=" " ind2=" " tag="653">
      <marc:subfield code="a">Briefsammlung</marc:subfield>
   </marc:datafield>
   <marc:datafield ind1="0" ind2="0" tag="245">
      <marc:subfield code="a">In Gnaden und aller Wohlgewogenheit</marc:subfield>
   </marc:datafield>
   <marc:datafield ind1="0" ind2="0" tag="245">
      <marc:subfield code="b">Briefe der hl. Crescentia an das Benediktinerstift Irsee</marc:subfield>
   </marc:datafield>
   <marc:datafield ind1="0" ind2="0" tag="245">
      <marc:subfield code="c">Karl Pörnbacher</marc:subfield>
   </marc:datafield>
   <marc:datafield ind1=" " ind2="1" tag="264">
      <marc:subfield code="a">Lindenberg i. Allgäu</marc:subfield>
      <marc:subfield code="b">Kunstverlag Josef Fink</marc:subfield>
      <marc:subfield code="c">2014</marc:subfield>
   </marc:datafield>
   <marc:datafield ind1=" " ind2=" " tag="250">
      <marc:subfield code="a">1. Auflage</marc:subfield>
   </marc:datafield>
   <marc:datafield ind1="1" ind2=" " tag="520">
      <marc:subfield code="a">Angaben aus der Verlagsmeldung

In Gnaden und aller Wohlgewogenheit – Briefe der hl. Crescentia an das Benediktinerstift Irsee / von Karl Pörnbacher

Die Kaufbeurer Klosterfrau Maria Crescentia Höß gehörte zu den berühmten Persönlichkeiten ihrer Zeit. Zahllose Personen jeglichen Standes suchten sie auf und erbaten von ihr Rat und Hilfe. Ihre Gespräche kennen wir nicht, aber viele, die nicht nach Kaufbeuren reisen konnten, wandten sich brieflich an sie. Ihre Antworten, die sie nicht eigenhändig schrieb, sondern der Klosterschreiberin und weiteren Mitschwestern diktierte, wurden aufbewahrt und als kostbare Erinnerungsstücke geschätzt.

37 Briefe der hl. Crescentia an die benachbarte Reichsabtei Irsee in den Jahren 1733 bis 1744 werden im Archiv der Kaufbeurer Pfarrei St. Martin und im Crescentiakloster Kaufbeuren aufbewahrt. Sie sind in diesem Band erstmals vollständig und wortgetreu abgedruckt, dazu parallel in einer leicht lesbaren Fassung, die dem heutigen Sprachgebrauch angeglichen und kommentiert ist. Adressaten Crescentias waren vorwiegend der bedeutende Abt Bernhard Beck sowie der gelehrte Prior und hervorragende Komponist P. Meinrad Spieß.

Die Briefe bieten einen informativen Eindruck von den Kontakten zwischen den beiden Klöstern mit den Ereignissen des klösterlichen Alltags, dem Frömmigkeitsleben, den Sorgen des täglichen Lebens, dem Austausch von Geschenken und den bescheidenen Festlichkeiten. Eine Besonderheit dieses Briefwechsels sind die Auskünfte Crescentias über ihre Visionen, die sie auf Fragen des von ihr besonders geschätzten Priors P. Meinrad Spieß gibt.

Der Herausgeber, Dr. Karl Pörnbacher, Germanist und Historiker, hat seit 1995 als Vizepostulator das Heiligsprechungsverfahren für die selige M. Crescentia Höß vorbereitet und begleitet.
</marc:subfield>
   </marc:datafield>
   <marc:datafield ind1=" " ind2=" " tag="020">
      <marc:subfield code="a">9783898709071</marc:subfield>
      <marc:subfield code="9">9783898709071</marc:subfield>
   </marc:datafield>
   <marc:datafield ind1=" " ind2=" " tag="041">
      <marc:subfield code="a">ger</marc:subfield>
   </marc:datafield>
   <marc:datafield ind1=" " ind2=" " tag="300">
      <marc:subfield code="a">152 Seiten</marc:subfield>
   </marc:datafield>
</marc:record>
